Introduction to librarianship and documentation (Record no. 47819)
[ view plain ]
| 000 -LEADER | |
|---|---|
| fixed length control field | 00637nam a2200157 a 4500 |
| 008 - FIXED-LENGTH DATA ELEMENTS--GENERAL INFORMATION | |
| fixed length control field | 120416s1985 ||||||||||||||||| || u |
| 050 ## - LIBRARY OF CONGRESS CALL NUMBER | |
| Classification number | Z 668 Int |
| 100 ## - MAIN ENTRY--PERSONAL NAME | |
| Personal name | Sturges, Paul |
| 245 10 - TITLE STATEMENT | |
| Title | Introduction to librarianship and documentation |
| 246 ## - VARYING FORM OF TITLE | |
| Title proper/short title | teaching and learning material for the long vacation courses at the University of Botswana 1984 to 1 |
| 250 ## - EDITION STATEMENT | |
| Edition statement | Pilot ed. |
| 260 ## - PUBLICATION, DISTRIBUTION, ETC. | |
| Place of publication, distribution, etc. | Gaborone |
| Name of publisher, distributor, etc. | The University of Botswana |
| Date of publication, distribution, etc. | 1985 |
| 300 ## - PHYSICAL DESCRIPTION | |
| Extent | 208p. : ill. |
| 350 ## - PRICE (NR) (BK AM CF MU VM SE) [OBSOLETE] | |
| Price | 0.00 |
| 995 ## - RECOMMENDATION 995 [LOCAL, UNIMARC FRANCE] | |
| -- | 0.00 |
| -- | CBU-MAIN LIBRARY (Kitwe) |
| -- | 1 |
| -- | 20.00 |
| -- | AVAILABLE |
| -- | Annex Low-Usage Collection |
| Withdrawn status | Lost status | Source of classification or shelving scheme | Damaged status | Not for loan | Home library | Current library | Shelving location | Date acquired | Total Checkouts | Full call number | Barcode | Date last seen | Price effective from | Koha item type |
|---|---|---|---|---|---|---|---|---|---|---|---|---|---|---|
| CBU-MAIN LIBRARY, KITWE. | CBU-MAIN LIBRARY, KITWE. | 11/30/2022 | Z 668 Int | 017457 | 11/30/2022 | 11/30/2022 | MONOGRAPH |